Banking without interest / (Record no. 139774)
[ view plain ]
| 000 -LEADER | |
|---|---|
| fixed length control field | 00600nam a22001817a 4500 |
| 005 - DATE AND TIME OF LATEST TRANSACTION | |
| control field | 20230725104835.0 |
| 010 ## - LCCN (DPL NO) | |
| LC control number | ENG-118120 ENG-137561 |
| 020 ## - INTERNATIONAL STANDARD BOOK NUMBER | |
| Terms of availability | 100.00 |
| 035 ## - SYSTEM CONTROL NUMBER | |
| System control number | EN-101652 EN-121093 |
| 037 ## - SOURCE OF ACQUISITION | |
| Source of stock number/acquisition | DBAD/PUB |
| 082 ## - DEWEY DECIMAL CLASSIFICATION NUMBER | |
| Classification number | 332.820917671 |
| 100 ## - MAIN ENTRY--PERSONAL NAME | |
| Personal name | Siddiqi, Muhammad Nejatullah |
| 245 ## - TITLE STATEMENT | |
| Title | Banking without interest / |
| Statement of responsibility, etc | by Muhammad Nejatullah Siddiqi |
| 260 ## - PUBLICATION, DISTRIBUTION, ETC. (IMPRINT) | |
| Place of publication, distribution, etc | New Delhi |
| Name of publisher, distributor, etc | BANKING WITHOUT INTEREST |
| Date of publication, distribution, etc | 2010 |
| 270 ## - ADDRESS | |
| Address | D-307, Dawat Nagar, Abul Fazl Enclave,Jamia Nagar, New Delhi-110025 |
| 300 ## - PHYSICAL DESCRIPTION | |
| Extent | 192p. |
| Dimensions | 21cm. (pbk) |
| 942 ## - ADDED ENTRY ELEMENTS (KOHA) | |
| Source of classification or shelving scheme | Dewey Decimal Classification |
| Item type | English Books |
| Classification part | 332.820917671 |
| Call number suffix | SID |
| Withdrawn status | Lost status | Not for loan | Collection code | Home library | Current library | Date acquired | Source of acquisition | Cost, normal purchase price | Full call number | Barcode | Copy number | Cost, replacement price | Koha item type |
|---|---|---|---|---|---|---|---|---|---|---|---|---|---|
| Not For Loan | Non-fiction | D.B.Act.Division | Bawana | 12/05/2017 | DBAD/PUB | 100.00 | 332.820917671 SID | EN-101652 | 1 | 100.00 | English Books | ||
| Non-fiction | Shahdara Branch | Shahdara Branch | 25/07/2023 | DBAD/PUB | 100.00 | 332.820917671 SID | EN-121093 | 1 | 100.00 | English Books |
